KOHA-Header-6

Introduction to System Dynamics (Record no. 5847)

000 -LEADER
fixed length control field 00307nam a2200121Ia 4500
020 ## - INTERNATIONAL STANDARD BOOK NUMBER
ISBN 978-93-325-7859-5
100 ## - MAIN ENTRY--AUTHOR NAME
Personal name Shearer I Murphy
245 #0 - TITLE STATEMENT
Title Introduction to System Dynamics
260 ## - PUBLICATION, DISTRIBUTION, ETC. (IMPRINT)
Place of publication New Delhi
Name of publisher Pearson
Year of publication 2017
300 ## - PHYSICAL DESCRIPTION
Number of Pages 418
942 ## - ADDED ENTRY ELEMENTS (KOHA)
Koha item type Books
Holdings
Withdrawn status Lost status Collection code Permanent Location Current Location Shelving location Date acquired Full call number Accession Number Koha item type
    CSE MAJU MAJU Shelf No.A31 2019-09-05 629.8 9256 Computer System Engineering

Powered by Koha